|
|
|
|
| LEADER |
00000nab a2200000 a 4500 |
| 001 |
vtls000698038 |
| 003 |
SK-MaSNL |
| 005 |
20260304025439.0 |
| 008 |
180205c1999 xo 0 slo |
| 015 |
|
|
|a SNBRB1999/06-18142
|
| 035 |
|
|
|a CLN000050205
|
| 040 |
|
|
|a SNKBUCL
|b slo
|c SNKBUCL
|e AACR2
|
| 041 |
0 |
|
|a slo
|
| 044 |
|
|
|a xo
|c SK
|
| 080 |
|
|
|a 061.25(437.6):336
|2 UDC-MRF-SK2
|
| 100 |
1 |
|
|a Markuš, Jozef,
|d 1944-2025
|4 aut
|9 226346
|
| 245 |
1 |
0 |
|a Ohrozenie Matice trvá
|c Jozef Markuš
|
| 610 |
2 |
7 |
|a Matica slovenská
|2 snkbucl
|9 14662
|
| 655 |
|
7 |
|a články z novín a časopisov
|2 snkbucl
|9 267496
|
| 773 |
0 |
|
|x 1335-4698
|t Slovenská republika
|g Roč. 7, č. 188 (16.8.1999), s. 4
|
| 850 |
|
|
|a Slovenská národná knižnica v Martine
|
| 852 |
|
|
|a SNK
|b KIS3GCP
|
| 958 |
|
|
|a RBX
|
| 999 |
|
|
|c 2627721
|d 2629651
|